Blockchain Driven Supply Chain Management: A Multi Dimensional Perspective (Record no. 43531)

MARC details
000 -LEADER
fixed length control field 00518nam a22001817a 4500
005 - DATE AND TIME OF LATEST TRANSACTION
control field 20250403144159.0
008 - FIXED-LENGTH DATA ELEMENTS--GENERAL INFORMATION
fixed length control field 250403b |||||||| |||| 00| 0 eng d
020 ## - INTERNATIONAL STANDARD BOOK NUMBER
International Standard Book Number 9789819906987
041 ## - LANGUAGE CODE
Language code of text/sound track or separate title eng
082 ## - DEWEY DECIMAL CLASSIFICATION NUMBER
Classification number 658.7 MUB
100 ## - MAIN ENTRY--PERSONAL NAME
Author Mubarik, Muhammad Shujaat
245 ## - TITLE STATEMENT
Title Blockchain Driven Supply Chain Management: A Multi Dimensional Perspective
260 ## - PUBLICATION, DISTRIBUTION, ETC.
Place Singapore
Publisher Springer
Publication Year 2023
300 ## - PHYSICAL DESCRIPTION
Extent 281;. pages: 24 cm
650 ## - SUBJECT ADDED ENTRY--TOPICAL TERM
Subject Supply Chain Management
700 ## - ADDED ENTRY--PERSONAL NAME
Co-Author Shahbaz, Muhammad
942 ## - ADDED ENTRY ELEMENTS (KOHA)
Koha item type Books
Holdings
Withdrawn status Lost status Source of classification or shelving scheme Damaged status Not for loan Home library Current library Shelving location Accession Date Vendor Price Bill number Full call number Barcode No Date last seen Discount Bill Date Koha item type Suggested By
    Dewey Decimal Classification     IMTN IMTN Rack 33-B 03/26/2025 Raghav Books Private Limited 7921.07 2374 658.7 MUB 33811 04/03/2025 33 02/14/2025 Books Dr. Mantha Raghu (Head Librarian)
Designed & Maintained by: LRC IMT Nagpur Contact: lrc@imtnag.ac.in© 2024. All Rights Reserved.